00626nam a22001815i 450000100060000000300090000600500170001500700030003200800410003504000200007610000190009624500800011526000810019530000200027650000980029665100250039485200250041948245ES-MaACL20230906161723.0t|950711s1895 po ||||1| fre d aCAM bspa cCAM1 aChoffat, Paul.10aCoup d'oeil sur la géologie de la province d'Angola / cpar Paul Choffat. aLisbonne : b[s.n.], c1895 (fImprimerie de l'Academie Royale des Sciences) a8 p. ; c25 cm. aExtrait des Communicacoes da Direccao dos Trabalhos Geologicos, Tom. III, Fasc. I, pp. 84-91. 4aAngola-xGeología. aES-MaACLjT-1109-F-9